| 000 | 00504cam a2200193 a 4500 | ||
|---|---|---|---|
| 001 | 12601949 | ||
| 005 | 20240321070026.0 | ||
| 008 | 010813s2001 ce 000 0 eng | ||
| 020 | _a9559102400 | ||
| 040 |
_aDLC _cDLC |
||
| 082 |
_222 _a324.23 _bHEC. |
||
| 100 | 1 | _aAbhayavardhana, Hector, | |
| 245 | 1 | 0 |
_aHector Abhayavardhana : _bselected writings. |
| 260 |
_aColombo : _bSocial Scientists' Association, _c2001. |
||
| 300 | _avi, 415 p. ; | ||
| 650 | _aPolitical. | ||
| 650 | _aCulture. | ||
| 942 | _cL | ||
| 999 |
_c593 _d593 |
||